000 00363nam a2200145Ia 4500
008 240624s9999 xx 000 0 und d
041 _aeng
082 _a300.72 KUM
100 _aKUMAR RANJIT
245 _aRESEARCH METHODOLOGY A STEP BY STEP GUID
250 _a(4th ed.)
260 _c2016
_aNew Delhi
_bSage
300 _axxvii, 399 p.; 23 cm.
365 _cRS
999 _c31315
_d31315